000 00307nam a2200133Ia 4500
008 191201s2013 xx 000 0 und d
082 _a005.1
_bPRS
100 _aPRESSMAN,Roger S
245 0 _aSoftware Engineering
250 _aRep
260 _c2013
_bTMH
_aNEW DELHI
300 _a912
942 _2ddc
_cBK
_09
999 _c7890
_d7890